[Event "AUT-chT2M 2324"]
[Site "Austria"]
[Date "2024.04.19"]
[Round "9.4"]
[White "Weiss, Christian"]
[Black "Mayerhofer, Peter"]
[Result "1-0"]
[WhiteElo "2372"]
[BlackElo "2153"]
[PlyCount "71"]
[EventDate "2023.11.03"]
[EventType "team-tourn"]
[EventRounds "11"]
[EventCountry "AUT"]
[SourceTitle "EXT 2025"]
[Source "ChessBase"]
[SourceDate "2024.10.14"]
[SourceVersion "1"]
[SourceVersionDate "2024.10.14"]
[SourceQuality "1"]
[WhiteTeam "Ansfelden Union"]
[BlackTeam "Freistadt/Wartberg"]
[WhiteTeamCountry "AUT"]
[BlackTeamCountry "AUT"]

1. g3 g6 2. Bg2 Bg7 3. e4 c5 4. f4 d6 5. Nf3 Nc6 6. c3 e5 7. d3 Nge7 8. Be3 b6 9. 0-0 0-0 10. Re1 Bb7 11. d4 f6 12. Nbd2 cxd4 13. cxd4 Kh8 14. fxe5 fxe5 15. d5 Nb4 16. Qb3 Na6 17. Qa3 h6 18. Rac1 Qd7 19. Nc4 Nc5 20. Nfd2 Rf6 21. Rf1 g5 22. Rxf6 Bxf6 23. Bf1 Ng6 24. b4 Na6 25. Bxb6 axb6 26. Nxb6 Qd8 27. Nxa8 Qxa8 28. b5 Nc5 29. Qxa8+ Bxa8 30. Nb3 Be7 31. Nxc5 dxc5 32. a4 Bd8 33. a5 Ne7 34. b6 Nc8 35. Bb5 Nd6 36. Bc6 1-0

[Event "AUT-chT2M 1920"]
[Site "Austria"]
[Date "2020.01.10"]
[Round "7.2"]
[White "Gelbenegger, Patrick"]
[Black "Mayerhofer, Peter"]
[Result "1/2-1/2"]
[WhiteElo "2259"]
[BlackElo "2174"]
[PlyCount "61"]
[EventDate "2019.10.11"]
[EventType "team-tourn"]
[EventRounds "11"]
[EventCountry "AUT"]
[SourceTitle "CBM 194 Extra"]
[Source "ChessBase"]
[SourceDate "2020.03.31"]
[SourceVersion "1"]
[SourceVersionDate "2020.03.31"]
[SourceQuality "1"]
[WhiteTeam "Nettingsdorf/Traun"]
[BlackTeam "Freistadt/Wartberg"]
[WhiteTeamCountry "AUT"]
[BlackTeamCountry "AUT"]

1. e4 e6 2. d4 d5 3. Nd2 Nc6 4. c3 e5 5. dxe5 dxe4 6. Qe2 Nxe5 7. Qxe4 Qe7 8. Be2 Nf6 9. Qc2 Bg4 10. Ngf3 Nxf3+ 11. Nxf3 Bxf3 12. gxf3 Qd7 13. Bd2 0-0-0 14. 0-0-0 Qe6 15. Be3 Rxd1+ 16. Rxd1 Qxa2 17. Qf5+ Qe6 18. Qxe6+ fxe6 19. Bxa7 Bd6 20. h3 Rd8 21. Be3 Nd5 22. Bd3 Nxe3 23. fxe3 Rf8 24. Be4 Bc5 25. Kd2 Rd8+ 26. Ke2 Rxd1 27. Kxd1 Bxe3 28. Bxh7 g5 29. Ke2 Bc1 30. b3 Kd7 31. Kd3 1/2-1/2

[Event "AUT-chT2M 1516"]
[Site "Austria"]
[Date "2015.10.04"]
[Round "3.4"]
[White "Schoenangerer, Herbert"]
[Black "Mayerhofer, Peter"]
[Result "0-1"]
[WhiteElo "2039"]
[BlackElo "2201"]
[PlyCount "112"]
[EventDate "2015.10.02"]
[EventType "team-tourn"]
[EventRounds "11"]
[EventCountry "AUT"]
[SourceTitle "CBM 168 Extra"]
[Source "ChessBase"]
[SourceDate "2015.10.29"]
[SourceVersion "1"]
[SourceVersionDate "2015.10.29"]
[SourceQuality "1"]
[WhiteTeam "Wolfsberg"]
[BlackTeam "Hartkirchen Union"]
[WhiteTeamCountry "AUT"]
[BlackTeamCountry "AUT"]

1. e4 c5 2. Nc3 Nc6 3. g3 g6 4. Bg2 Bg7 5. d3 d6 6. Nge2 e5 7. 0-0 Nge7 8. Be3 0-0 9. Qd2 Be6 10. h3 Nd4 11. f4 Qd7 12. Kh2 Rae8 13. Nd1 b6 14. c3 Nxe2 15. Qxe2 d5 16. Nf2 f5 17. c4 fxe4 18. dxe4 d4 19. Rfd1 Nc6 20. Bd2 Qf7 21. b3 exf4 22. gxf4 d3 23. Nxd3 Bxa1 24. Rxa1 Qe7 25. Rd1 Rd8 26. Bc3 Qc7 27. e5 Nd4 28. Qe3 Qf7 29. Be4 Bf5 30. Bd5 Be6 31. Be4 Nf5 32. Qf2 Qe7 33. Rd2 Qh4 34. Qf3 Nd4 35. Qe3 Nf5 36. Qf3 Nd4 37. Qe3 Qh5 38. Rg2 Nf5 39. Qf2 Nh4 40. Rg3 Nf5 41. Rg1 Nd6 42. Bg2 Ne4 43. Qb2 Nxc3 44. Qxc3 Qe2 45. Nc1 Qd2 46. Qxd2 Rxd2 47. Kg3 Rfd8 48. Bf3 Rc2 49. h4 h5 50. Be4 Rc3+ 51. Kf2 Rd2+ 52. Ne2 Bg4 53. Rxg4 hxg4 54. Ke1 Rcc2 55. Bd5+ Kg7 56. Ng3 Rh2 0-1

[Event "Landesliga Sued 1415"]
[Site "Bayern"]
[Date "2014.10.19"]
[Round "1.6"]
[White "Mayerhofer, Peter"]
[Black "Demir, Bilal"]
[Result "1/2-1/2"]
[WhiteElo "2204"]
[BlackElo "2080"]
[PlyCount "34"]
[EventDate "2014.10.19"]
[EventType "team-tourn"]
[EventRounds "9"]
[EventCountry "GER"]
[SourceTitle "EXT 2018"]
[Source "ChessBase"]
[SourceDate "2017.10.13"]
[SourceVersion "1"]
[SourceVersionDate "2017.10.13"]
[SourceQuality "1"]
[WhiteTeam "Weilheim"]
[BlackTeam "Unterhaching"]
[WhiteTeamCountry "GER"]
[BlackTeamCountry "GER"]

1. e4 e5 2. Nf3 d6 3. d4 exd4 4. Nxd4 Nf6 5. Nc3 Be7 6. Be2 0-0 7. 0-0 Re8 8. h3 c5 9. Nf3 Nc6 10. Re1 a6 11. a4 h6 12. Bc4 Bf8 13. Bf4 Be6 14. Nd5 Nd7 15. c3 Nde5 16. Nxe5 Nxe5 17. Ba2 b5 1/2-1/2

[Event "AUT-chT2M 1314"]
[Site "Austria"]
[Date "2014.03.23"]
[Round "8.1"]
[White "Poetz, Florian"]
[Black "Mayerhofer, Peter"]
[Result "1/2-1/2"]
[WhiteElo "2427"]
[BlackElo "2191"]
[PlyCount "229"]
[EventDate "2013.10.04"]
[EventType "team-tourn"]
[EventRounds "11"]
[EventCountry "AUT"]
[SourceTitle "EXT 2015"]
[Source "ChessBase"]
[SourceDate "2014.11.20"]
[SourceVersion "1"]
[SourceVersionDate "2014.11.20"]
[SourceQuality "1"]
[WhiteTeam "Fuerstenfeld"]
[BlackTeam "Freistadt/Wartberg"]
[WhiteTeamCountry "AUT"]
[BlackTeamCountry "AUT"]

1. e4 c5 2. Nf3 e6 3. d4 cxd4 4. Nxd4 a6 5. Nc3 Qc7 6. Bd3 Nc6 7. Nxc6 bxc6 8. 0-0 Nf6 9. Qe2 e5 10. Kh1 Be7 11. f4 d6 12. fxe5 dxe5 13. Bc4 0-0 14. Bg5 Bg4 15. Qe1 Kh8 16. Qh4 Be6 17. Bxe6 fxe6 18. Qh3 Qc8 19. Rad1 Rb8 20. b3 Rb4 21. Bxf6 Rxf6 22. Qe3 Rd4 23. Ne2 Qf8 24. Ng3 a5 25. Qe2 Rf2 26. Rxd4 Rxf1+ 27. Qxf1 Qxf1+ 28. Nxf1 exd4 29. Nd2 Kg8 30. Kg1 h6 31. Kf2 Bd6 32. Nf3 e5 33. Ke2 Kf7 34. Kd3 Ke6 35. Kc4 Bb4 36. Ng1 Kd6 37. Nf3 Ke6 38. Kd3 g6 39. h3 Be7 40. Nd2 Bg5 41. Nc4 Bd8 42. a4 Bc7 43. b4 axb4 44. a5 Kd7 45. a6 Kc8 46. Nd2 Kb8 47. Kc4 Bd6 48. Nb3 Ka7 49. Na5 Kxa6 50. Nxc6 Kb6 51. Nxb4 h5 52. Nd3 Kc6 53. Ne1 Be7 54. Nf3 Kd6 55. Kb5 Bd8 56. Nd2 Bf6 57. Nc4+ Ke6 58. Kc6 h4 59. Nb2 Bd8 60. Nd3 Be7 61. Kc7 Ba3 62. Kd8 Bd6 63. Ke8 Ba3 64. Ne1 Bc1 65. Nf3 g5 66. Kf8 Kf6 67. Kg8 Bf4 68. Kh7 Kf7 69. Ne1 Kf6 70. Nd3 Kf7 71. Nf2 Bh2 72. Ng4 Bg3 73. Kh6 Bf4 74. Kh5 Kg7 75. Nf2 Kf6 76. Kh6 Kf7 77. Nd3 Kf6 78. Kh5 Be3 79. Kg4 Bf4 80. Nb4 Bd2 81. Nd5+ Ke6 82. Kh5 Kf7 83. Kh6 Bc1 84. Nb4 Kf6 85. Nd3 Bf4 86. Kh7 Kf7 87. Nf2 Bh2 88. Kh6 Bg3 89. Ng4 Bf4 90. Kh5 Kg7 91. Nf2 Kf6 92. Kg4 Be3 93. Nd3 Bf4 94. Kf3 Ke6 95. Ke2 Kd6 96. Ne1 Bg3 97. Nf3 Bf4 98. Kd3 Kc5 99. Ng1 Be3 100. Ne2 Bf2 101. c4 dxc3 102. Nxc3 Bg3 103. Ke3 Be1 104. Nd5 Bg3 105. Kf3 Kd4 106. Nc7 Bf4 107. Ne6+ Kd3 108. Ng7 Kd4 109. Nh5 Kd3 110. Nf6 Kd4 111. Ng4 Bg3 112. Ne3 Bf4 113. Ng4 Bg3 114. Ne3 Bf4 115. Ng4 1/2-1/2

[Event "AUT-chT2M 1314"]
[Site "Austria"]
[Date "2013.11.17"]
[Round "5.1"]
[White "Kociscak, Jiri"]
[Black "Mayerhofer, Peter"]
[Result "1-0"]
[WhiteElo "2431"]
[BlackElo "2191"]
[PlyCount "22"]
[EventDate "2013.10.04"]
[EventType "team-tourn"]
[EventRounds "11"]
[EventCountry "AUT"]
[SourceTitle "EXT 2015"]
[Source "ChessBase"]
[SourceDate "2014.11.20"]
[SourceVersion "1"]
[SourceVersionDate "2014.11.20"]
[SourceQuality "1"]
[WhiteTeam "Steyregg"]
[BlackTeam "Freistadt/Wartberg"]
[WhiteTeamCountry "AUT"]
[BlackTeamCountry "AUT"]

1. d4 d5 2. c4 dxc4 3. e4 e5 4. Nf3 exd4 5. Bxc4 Bb4+ 6. Nbd2 Nf6 7. 0-0 0-0 8. e5 Nfd7 9. Bxf7+ Rxf7 10. e6 Re7 11. exd7 Bxd2 1-0

[Event "AUT-ch"]
[Site "Zwettl"]
[Date "2012.07.25"]
[Round "5"]
[White "Mayerhofer, Peter"]
[Black "Fruehauf, Norbert"]
[Result "1-0"]
[WhiteElo "2266"]
[BlackElo "2082"]
[PlyCount "51"]
[EventDate "2012.07.21"]
[EventType "swiss"]
[EventRounds "9"]
[EventCountry "AUT"]
[SourceTitle "CBM 149 Extra"]
[Source "ChessBase"]
[SourceDate "2012.08.24"]
[SourceVersion "1"]
[SourceVersionDate "2012.08.24"]
[SourceQuality "1"]

1. d4 Nf6 2. Nc3 d5 3. Bg5 Nbd7 4. Nf3 e6 5. e4 dxe4 6. Nxe4 Be7 7. Bxf6 Nxf6 8. Bd3 0-0 9. Qe2 c6 10. Nxf6+ Bxf6 11. 0-0-0 Qa5 12. Kb1 c5 13. h4 cxd4 14. Ng5 Rd8 15. Qh5 Bxg5 16. Bxh7+ Kf8 17. hxg5 e5 18. Bd3 Be6 19. b3 Ke7 20. Qf3 Rd7 21. Rh7 Rg8 22. Rdh1 Rc7 23. Rxg7 Rxc2 24. Qf6+ Kd6 25. Bxc2 Rc8 26. f4 1-0

[Event "AUT-ch"]
[Site "Linz"]
[Date "2011.07.27"]
[Round "5"]
[White "Frank, Emanuel"]
[Black "Mayerhofer, Peter"]
[Result "0-1"]
[WhiteElo "1989"]
[BlackElo "2249"]
[PlyCount "84"]
[EventDate "2011.07.23"]
[EventType "swiss"]
[EventRounds "9"]
[EventCountry "AUT"]
[SourceTitle "CBM 143 Extra"]
[Source "ChessBase"]
[SourceDate "2011.08.29"]
[SourceVersion "1"]
[SourceVersionDate "2011.08.29"]
[SourceQuality "1"]

1. e4 g6 2. d4 Bg7 3. Nc3 c6 4. Be3 d5 5. f3 dxe4 6. fxe4 Nf6 7. Bc4 0-0 8. Nf3 b5 9. Bd3 Ng4 10. Qd2 Nxe3 11. Qxe3 b4 12. Ne2 Nd7 13. e5 Nb6 14. c4 bxc3 15. bxc3 Nd5 16. Qd2 Rb8 17. c4 Nb6 18. 0-0 Be6 19. Rac1 Qd7 20. Qf4 h6 21. Qg3 Bf5 22. Bxf5 Qxf5 23. Nd2 Qd7 24. Qe3 Rbd8 25. Nb3 Kh7 26. Qe4 Qc7 27. Nf4 Nd7 28. Nh5 f5 29. exf6 Nxf6 30. Nxf6+ exf6 31. Nc5 Rfe8 32. Qd3 f5 33. Nb3 Re4 34. Rcd1 a5 35. a4 Rde8 36. d5 cxd5 37. cxd5 Qb6+ 38. Kh1 Re3 39. Qc2 Qxb3 40. Qc6 Qxd1 41. Qb5 Qxf1+ 42. Qxf1 Re1 0-1

[Event "AUT-ch"]
[Site "Linz"]
[Date "2011.07.25"]
[Round "3"]
[White "Schachinger, Mario"]
[Black "Mayerhofer, Peter"]
[Result "1-0"]
[WhiteElo "2360"]
[BlackElo "2249"]
[PlyCount "91"]
[EventDate "2011.07.23"]
[EventType "swiss"]
[EventRounds "9"]
[EventCountry "AUT"]
[SourceTitle "CBM 143 Extra"]
[Source "ChessBase"]
[SourceDate "2011.08.29"]
[SourceVersion "1"]
[SourceVersionDate "2011.08.29"]
[SourceQuality "1"]

1. Nf3 c5 2. c4 Nc6 3. Nc3 g6 4. g3 Bg7 5. Bg2 e5 6. 0-0 Nge7 7. a3 0-0 8. Rb1 a5 9. Ne1 d6 10. Nc2 Be6 11. Ne3 f5 12. Ned5 Kh8 13. d3 h6 14. Bd2 Rb8 15. Nxe7 Nxe7 16. b4 axb4 17. axb4 b6 18. bxc5 bxc5 19. Qa4 Qd7 20. Qa6 Kh7 21. Rb6 Rxb6 22. Qxb6 e4 23. Ra1 Nc8 24. Qa6 d5 25. cxd5 Bxd5 26. Ra5 Bb7 27. Qb5 Rd8 28. Qxd7 Rxd7 29. Na4 c4 30. Nc5 c3 31. Be3 Re7 32. dxe4 Bxe4 33. Nxe4 fxe4 34. Rc5 Nd6 35. Bf4 Nf5 36. Kf1 e3 37. g4 g5 38. Bc7 Nh4 39. Ba5 exf2 40. Bc6 Ng6 41. Bxc3 Nf4 42. Bf3 Bxc3 43. Rxc3 h5 44. gxh5 Kh6 45. e3 Nh3 46. Bg4 1-0